पत्थर के होंठ (Record no. 54524)

MARC details
000 -LEADER
fixed length control field 00509nam a2200181Ia 4500
008 - FIXED-LENGTH DATA ELEMENTS--GENERAL INFORMATION
fixed length control field 090123s9999 xx 000 0 und d
082 ## - DEWEY DECIMAL CLASSIFICATION NUMBER
Item number 16459
100 ## - MAIN ENTRY--PERSONAL NAME
Personal name नंदा गुलशन
245 ## - TITLE STATEMENT
Title पत्थर के होंठ
250 ## - EDITION STATEMENT
Edition statement 0
260 ## - PUBLICATION, DISTRIBUTION, ETC. (IMPRINT)
Name of publisher, distributor, etc अशोक
300 ## - PHYSICAL DESCRIPTION
Extent 158
600 ## - SUBJECT ADDED ENTRY--PERSONAL NAME
Personal name नंदा गुलशन
630 ## - SUBJECT ADDED ENTRY--UNIFORM TITLE
Uniform title पत्थर के होंठ
700 ## - ADDED ENTRY--PERSONAL NAME
Personal name नंदा गुलशन
730 ## - ADDED ENTRY--UNIFORM TITLE
Uniform title पत्थर के होंठ
942 ## - ADDED ENTRY ELEMENTS (KOHA)
Koha item type Book
Holdings
Withdrawn status Lost status Damaged status Not for loan Home library Current library Date acquired Cost, normal purchase price Total Checkouts Full call number Barcode Date last seen Cost, replacement price Price effective from Koha item type
        Jawahar Wachalanalaya, Kalwa Jawahar Wachalanalaya, Kalwa 03/31/2002 5.00   16459 KLW-16459 01/23/2009 5.00 01/23/2009 Book